000 00946cam a2200277 4500
001 2691454
003 SISC
005 20161127205420.0
008 700818s1970 nyua j 000 1 eng
010 _a 75119617
040 _aDLC
_cDLC
_dDLC
042 _alcac
050 0 0 _aPZ 10.3
_b.B123 1970
082 0 0 _a[Fic]
100 1 _aBach, Richard.
245 1 0 _aJonathan Livingston Seagull /
_cRichard Bach, Photographs by Russell Munson.
260 _aNew York :
_bSCRIBNER,
_c1970.
300 _a95 pages :
_billustrations ;
_c22 cm.
350 _a4.95
520 _aBecause he spends so much time perfecting his flying form instead of concentrating on getting food, a seagull is ostracized by the rest of the flock.
650 1 _aGulls
_xFiction.
700 1 _aMunson, Russell,
_eillus.
710 2 _aRouben Mamoulian Collection (Library of Congress)
_5DLC
906 _a7
_bcbc
_corignew
_d2
_encip
_f19
_gy-gencatlg
942 _2lcc
_cBK
999 _c305294
_d305294